02194 2200397 4500035002000000001002100020005001700041006001900058007000300077008004100080856016600121020002300287040002700310082002800337084002300365090002400388100004600412245009500458264003600553300004600589336002400635337003300659338002600692504003500718520080300753650002401556650003801580700004101618850001301659990002101672990002101693990002101714990002101735999002101756999001901777 a0010-0122001562INLIS00000000081088620210114103618.0aa g | 000 0 ta190404s2017 jiia g | 000 0 ind  x http://opac.perpusnas.go.id/uploaded_files/sampul_koleksi/original/Monograf/1078267.JPG?rnd=1901463251y http://opac.perpusnas.go.id/DetailOpac.aspx?id=1078267  a 978-602-1507-43-8 a JKPNPNA b ind e rda042 [23]a 571.173 840 72  a 571.817 072 USM b a CB-D.13 2017-216370 a Usman Muhammad Tang, d 1964- e penulis10a Biologi reproduksi ikan / c Dr. Ir. Usman Muhammad Tang, M.S. dan Dr. Ir. Ridwan Affandi 1a Malang : b Intimedia, c 2017 a x, 130 halaman : b ilustrasi ; c 23 cm 2 rdacontenta teks  2 rdamediaa tanpa perantara  2 rdacarriera volume  a Bibliografi : halaman 120-1273 a Biologi Reproduksi Ikan ini mengulas proses untuk menghasilkan ikan - ikan yang berkualitas yang dimulai sejak masa pembibitan. Dimulai dari pemilihan induk yang berkualitas baik, menyediakan lingkungan yang sangat tepat sehingga meningkatkan kualitas bibit. Pemberian pakan bernutriai tepat hingga mengendalikan tempat ikan dibiakakan. Proses tersebut digambarkan melalui tahapan - tahapan pengembangbiakan ikan serta perbedaan yang terjadi setiap tahapan pada kondisi lingkungan yang berbeda. Pengaruh suhu, pemberian vitamin dan berbagai hal yang diberikan pada ikan untuk mendapatkan bibit terbaik digambarkan dalam buku ini. Hasil penelitian ii ditemukan berbagai jenis percobaan dan hasil serta dampak yang terjadi terhadap gonad, bentuk sperma hingga penampakan telur ikan yang berkualitas. 4a Ikan x Reproduksi 4a Ikan x Reproduksi x Penelitian0 a Ridwan Affandi, d 1954- e penulis a JKPNPNA a 201900103110690 a 201900103110689 a 201900103110688 a 201900103110687 a 21637/DM/D/2018 a 21637/DM/D/17